[Event "FRA-ch U20 Girls"]
[Site "Troyes"]
[Date "2010.04.18"]
[Round "8"]
[White "Langlet, Stephanie"]
[Black "Belieres, Marie"]
[Result "1/2-1/2"]
[WhiteElo "1470"]
[BlackElo "1430"]
[PlyCount "94"]
[EventDate "2010.04.11"]
[EventType "swiss"]
[EventRounds "9"]
[EventCountry "FRA"]
[SourceTitle "EXT 2012"]
[Source "ChessBase"]
[SourceDate "2011.11.24"]
[SourceVersion "1"]
[SourceVersionDate "2011.11.24"]
[SourceQuality "1"]

1. e4 e5 2. Nf3 Nc6 3. d4 exd4 4. Nxd4 Bc5 5. Be3 Qf6 6. c3 Nge7 7. Bc4 Ne5 8. Bb3 d6 9. 0-0 Qg6 10. f3 h5 11. Nd2 h4 12. Kh1 Bd7 13. Nc4 0-0-0 14. Nxe5 dxe5 15. Nc2 Bb5 16. Qe1 Bxe3 17. Qxe3 Bxf1 18. Rxf1 Rd7 19. Qxa7 Qa6 20. Qxa6 bxa6 21. Bxf7 Rhd8 22. Be6 Ng6 23. Bxd7+ Rxd7 24. Ne3 Rd2 25. Rb1 Nf4 26. g3 hxg3 27. hxg3 Ne2 28. g4 Nf4 29. Nc4 Rf2 30. Nxe5 Kd8 31. a3 Ke7 32. Nc6+ Kd6 33. Nd4 c5 34. Nf5+ Ke5 35. Nxg7 Rxf3 36. Nh5 Rh3+ 37. Kg1 Nxh5 38. gxh5 Kxe4 39. Rd1 Rxh5 40. Kf1 Kf3 41. Rd3+ Ke4 42. Rd2 Kf3 43. Rf2+ Ke3 44. b4 c4 45. a4 Kd3 46. Rf3+ Kc2 47. Kg2 Kb3 1/2-1/2